000 00336nam a2200133Ia 4500
008 150201s2000 xx 000 0 und d
082 _a616.07
_bC00S
100 _aSACHDEV,KN
245 _aCLINICAL PATHOLOGY & CLINICAL BACTERIOLOGY
250 _a9TH
260 _bJAYPEE BROTHERS
_aDELHI
_c2000
650 _aPATHOLOGY
942 _2ddc
_cBK
999 _c1046
_d1046